[Event "Online Olym Div2 E 2020"]
[Site "chess.com INT"]
[Date "2020.08.16"]
[Round "7.4"]
[Board "4"]
[White "Mollo Figueroa, Nicole"]
[Black "Roy, Ali"]
[Result "1/2-1/2"]
[WhiteElo "1141"]
[BlackElo "1878"]
[WhiteTeam "Bolivia"]
[BlackTeam "Scotland"]
[WhiteFideId "3325687"]
[BlackFideId "2400456"]
[EventDate "2020.08.14"]
[EventType "team"]

1. e4 e6 2. d4 d5 3. exd5 exd5 4. Bd3 Nf6 5. Nf3 Be7 6. O-O O-O 7. c3 Nbd7 8.
Bf4 Re8 9. Nbd2 Nf8 10. Qc2 Ng6 11. Bg3 b6 12. Rfe1 Bb7 13. Ne5 Rc8 14. Ndf3 Ne4
15. Rac1 a6 16. Nd2 Nxg3 17. hxg3 c5 18. Qb1 cxd4 19. cxd4 Bb4 20. Rxc8 Qxc8 21.
Rc1 Qe6 22. Ndf3 Nxe5 23. Nxe5 g6 24. a3 Bd6 25. Re1 Kg7 26. Kf1 Qf6 27. Nf3
Rxe1+ 28. Qxe1 b5 29. b4 Bc8 30. Ne5 Bf5 31. Bxf5 Qxf5 32. f4 Qc2 33. Qa1 f6 34.
Nf3 Qd3+ 35. Kg1 Qe3+ 36. Kh2 g5 37. fxg5 fxg5 38. Qe1 Qxe1 39. Nxe1 Kg6 40. Nd3
Bc7 41. Nc5 Bb6 42. Kg1 Kf5 43. Kf2 Kg4 44. Ke3 a5 45. Nd7 Bd8 46. bxa5 Bxa5 47.
Nf6+ Kxg3 48. Nxh7 g4 49. Nf6 Kxg2 50. Nxg4 b4 51. axb4 Bxb4 52. Nf6 Bc3 53.
Nxd5 Bxd4+ 1/2-1/2

[Event "Online Olym Div2 E 2020"]
[Site "chess.com INT"]
[Date "2020.08.16"]
[Round "7.4"]
[Board "5"]
[White "Abdulla, Murad"]
[Black "Bolanos, Fernando"]
[Result "0-1"]
[WhiteTitle "FM"]
[BlackTitle "CM"]
[WhiteElo "2287"]
[BlackElo "2287"]
[WhiteTeam "Scotland"]
[BlackTeam "Bolivia"]
[WhiteFideId "2403757"]
[BlackFideId "3304094"]
[EventDate "2020.08.14"]
[EventType "team"]

1. e4 c5 2. Nf3 Nc6 3. g3 Nf6 4. Qe2 g6 5. Bg2 Bg7 6. O-O d5 7. d3 O-O 8. Re1
dxe4 9. dxe4 Qb6 10. c3 h6 11. Na3 Be6 12. h4 Rad8 13. e5 Nd5 14. h5 g5 15. Nc4
Qa6 16. Bf1 Nb6 17. b3 Nxc4 18. bxc4 Bg4 19. Qe4 Bxh5 20. e6 f5 21. Qe3 Qa5 22.
Bb2 f4 23. gxf4 Rxf4 24. Nd2 Ne5 25. Nb3 Qc7 26. Nd2 Rxd2 0-1

[Event "Online Olym Div2 E 2020"]
[Site "chess.com INT"]
[Date "2020.08.16"]
[Round "7.4"]
[Board "6"]
[White "Monroy G., Nataly A."]
[Black "Espinosa Cancino, Monica"]
[Result "1/2-1/2"]
[WhiteTitle "WIM"]
[WhiteElo "1957"]
[BlackElo "1666"]
[WhiteTeam "Bolivia"]
[BlackTeam "Scotland"]
[WhiteFideId "3304019"]
[BlackFideId "22253025"]
[EventDate "2020.08.14"]
[EventType "team"]

1. d4 d5 2. Nf3 Nf6 3. c4 c6 4. Nc3 e6 5. g3 Nbd7 6. Bg2 Be7 7. O-O O-O 8. Nd2
b6 9. e4 dxe4 10. Ndxe4 Bb7 11. Be3 Nxe4 12. Bxe4 Nf6 13. Bg2 Qd7 14. c5 b5 15.
b4 Nd5 16. Nxd5 exd5 17. Re1 a5 18. a3 axb4 19. axb4 Rxa1 20. Qxa1 Ra8 21. Qb2
Bc8 22. Ra1 Qb7 23. h3 Ra6 24. Bf4 Qa8 25. Rxa6 Qxa6 26. Kh2 Be6 27. g4 h6 28.
Bg3 Qa7 29. f4 f5 30. Qe2 Qd7 31. Bf3 Bf6 32. Bf2 Qc8 33. Be3 Qc7 34. Kg2 Bd8
35. Bf2 Qd7 36. Be3 Qc8 37. g5 hxg5 38. fxg5 f4 39. Bxf4 Bxh3+ 40. Kg3 Bd7 41.
Qe5 Kf8 42. Bh5 Be7 43. Bf3 Be6 44. Qe2 Bf7 45. Qh2 Qe6 46. Qh8+ Bg8 47. Qh1 Qg6
48. Qh4 Bf7 49. Qg4 Be8 50. Qh3 Bf7 51. Qh8+ Bg8 52. Qh4 Bf7 53. Qg4 Be8 54. Qh3
Bf7 55. Qc8+ Be8 56. Qg4 Bf7 57. Qh4 Bg8 58. Bh5 Qd3+ 59. Bf3 Qg6 60. Qg4 Bf7
61. Qh4 Bg8 1/2-1/2

[Event "Online Olym Div2 E 2020"]
[Site "chess.com INT"]
[Date "2020.08.16"]
[Round "7.5"]
[Board "2"]
[White "Banusz, Tamas"]
[Black "Howell, David W L"]
[Result "0-1"]
[WhiteTitle "GM"]
[BlackTitle "GM"]
[WhiteElo "2628"]
[BlackElo "2663"]
[WhiteTeam "Hungary"]
[BlackTeam "England"]
[WhiteFideId "722413"]
[BlackFideId "410608"]
[EventDate "2020.08.14"]
[EventType "team"]

1. d4 Nf6 2. Nf3 g6 3. g3 Bg7 4. Bg2 d5 5. c4 dxc4 6. Na3 c3 7. bxc3 O-O 8. O-O
c5 9. Bb2 Nc6 10. e3 Bf5 11. Nd2 Qb6 12. Qb3 Be6 13. Qb5 Rfd8 14. Rfc1 Na5 15.
c4 Ne8 16. Bc3 Nxc4 17. Qxb6 Nxb6 18. dxc5 Bxc3 19. Rxc3 Rxd2 20. cxb6 axb6 21.
Bxb7 Ra7 22. Bc6 Nd6 23. e4 Ra5 24. Kg2 Kg7 25. Nc2 Bxa2 26. e5 Nf5 27. Re1 Be6
28. Bf3 Ra2 29. Be4 g5 30. h3 Rb2 31. g4 Nh4+ 32. Kg3 b5 33. f4 b4 34. Rc7 Rb3+
35. Ne3 gxf4+ 36. Kxf4 Rd4 37. Kg5 Rxe4 0-1

[Event "Online Olym Div2 E 2020"]
[Site "chess.com INT"]
[Date "2020.08.16"]
[Round "7.5"]
[Board "3"]
[White "Houska, Jovanka"]
[Black "Hoang, Thanh Trang"]
[Result "1/2-1/2"]
[WhiteTitle "IM"]
[BlackTitle "GM"]
[WhiteElo "2381"]
[BlackElo "2407"]
[WhiteTeam "England"]
[BlackTeam "Hungary"]
[WhiteFideId "405094"]
[BlackFideId "12400149"]
[EventDate "2020.08.14"]
[EventType "team"]

1. d4 f5 2. Bf4 Nf6 3. e3 g6 4. h4 h6 5. Nc3 d6 6. Qf3 Rg8 7. Nh3 e6 8. e4 fxe4
9. Nxe4 Nxe4 10. Qxe4 Qxh4 11. O-O-O Qf6 12. g4 g5 13. Bg3 d5 14. Qe3 Bd6 15. f4
Nc6 16. Bg2 gxf4 17. Nxf4 Bxf4 18. Bxf4 Rxg4 19. Bxh6 Rxg2 20. Rhf1 Qg6 21. Rf8+
Kd7 22. Rd2 Rxd2 23. Kxd2 b6 24. Qf4 Qg1 25. Rf7+ Ne7 26. Bg5 Qg2+ 27. Kc3 Qh3+
28. Kd2 Qg2+ 29. Ke1 Qg1+ 30. Ke2 Qg2+ 31. Ke1 Qg1+ 32. Kd2 Qg2+ 1/2-1/2

[Event "Online Olym Div2 E 2020"]
[Site "chess.com INT"]
[Date "2020.08.16"]
[Round "7.5"]
[Board "5"]
[White "Wadsworth, Matthew J"]
[Black "Kozak, Adam"]
[Result "0-1"]
[WhiteTitle "IM"]
[BlackTitle "GM"]
[WhiteElo "2416"]
[BlackElo "2503"]
[WhiteTeam "England"]
[BlackTeam "Hungary"]
[WhiteFideId "415804"]
[BlackFideId "753246"]
[EventDate "2020.08.14"]
[EventType "team"]

1. c4 e6 2. g3 Nf6 3. Bg2 d5 4. Nf3 dxc4 5. Qa4+ Bd7 6. Qxc4 c5 7. Ne5 Qc8 8.
Qd3 Nc6 9. Nxd7 Nxd7 10. Nc3 Be7 11. b3 O-O 12. Bb2 Rd8 13. O-O Qc7 14. Qe3 Bf6
15. d3 Rac8 16. Rfd1 Qb8 17. Qd2 b6 18. Rac1 h6 19. Ne4 Bxb2 20. Qxb2 a5 21. Nd2
Nd4 22. Nc4 Nf6 23. a3 Qa7 24. e3 Nb5 25. a4 Nc7 26. Ne5 Ncd5 27. d4 Qb8 28.
dxc5 bxc5 29. Nc4 Qb4 30. e4 Ne7 31. Nd6 Rb8 32. e5 Nfd5 33. Nb5 Nb6 34. Rd6
Nxa4 35. Qc2 Nb6 36. Qxc5 Rdc8 37. Nc7 Nbd5 38. Qxb4 axb4 39. Bxd5 Nxd5 40. Rdc6
Nc3 41. Ra1 Nb5 42. Rac1 Nd4 43. Na6 Rxc6 44. Rd1 Rxa6 0-1

[Event "Online Olym Div2 E 2020"]
[Site "chess.com INT"]
[Date "2020.08.16"]
[Round "8.1"]
[Board "3"]
[White "Fierro Baquero, Martha L."]
[Black "Papp, Petra"]
[Result "1/2-1/2"]
[WhiteTitle "IM"]
[BlackTitle "WGM"]
[WhiteElo "2359"]
[BlackElo "2338"]
[WhiteTeam "Ecuador"]
[BlackTeam "Hungary"]
[WhiteFideId "3600270"]
[BlackFideId "739049"]
[EventDate "2020.08.14"]
[EventType "team"]

1. e4 c6 2. c4 d5 3. cxd5 cxd5 4. exd5 Nf6 5. Qa4+ Bd7 6. Qb3 e6 7. dxe6 Bxe6 8.
Qxb7 Nbd7 9. Nc3 Bc5 10. Nf3 O-O 11. d4 Bb6 12. Be2 Rc8 13. O-O Nb8 14. Bf4 Nd5
15. Bxb8 Rxb8 16. Qa6 Nf4 17. Rfe1 Bc8 18. Qa4 Qf6 19. Ne4 Qg6 20. Ng3 h5 21.
Rad1 Bb7 22. d5 Nxd5 23. Bd3 Qh6 24. Nf5 Qf6 25. Qe4 g6 26. Ne7+ Nxe7 27. Qxe7
Qxe7 28. Rxe7 Bxf3 29. gxf3 Bc5 30. Re2 Rfd8 31. Bc2 Bd4 32. Bb3 Bf6 33. Red2
Rxd2 34. Rxd2 Rd8 35. Rc2 Re8 36. Kf1 h4 37. h3 Kg7 38. Bc4 Rc8 39. b4 Be7 40.
a3 f5 41. Ke2 Bd8 42. Kd3 Kf6 43. Re2 Rc6 44. Kc3 Bb6 45. Kb3 Rd6 46. a4 g5 47.
a5 Bd4 48. b5 g4 49. fxg4 fxg4 50. Re4 g3 51. Rf4+ Ke5 52. fxg3 hxg3 53. Rg4 Bf2
54. Rg8 Kf4 55. h4 Rh6 56. Bd5 Rxh4 57. Bc6 Rh5 58. Ka4 Rg5 59. Rxg5 Kxg5 60.
Bg2 Kf4 61. b6 Bxb6 62. axb6 axb6 63. Kb5 Ke3 64. Kxb6 Kf2 65. Bc6 g2 66. Bxg2 1/2-1/2

[Event "Online Olym Div2 E 2020"]
[Site "chess.com INT"]
[Date "2020.08.16"]
[Round "8.1"]
[Board "4"]
[White "Gara, Anita"]
[Black "Heredia Serrano, Carla"]
[Result "0-1"]
[WhiteTitle "IM"]
[BlackTitle "WGM"]
[WhiteElo "2345"]
[BlackElo "2114"]
[WhiteTeam "Hungary"]
[BlackTeam "Ecuador"]
[WhiteFideId "709751"]
[BlackFideId "3603687"]
[EventDate "2020.08.14"]
[EventType "team"]

1. e4 c6 2. d4 d5 3. e5 c5 4. dxc5 e6 5. Nf3 Bxc5 6. a3 Qb6 7. Qd2 a5 8. Bd3 Ne7
9. O-O Ng6 10. Nc3 Bd7 11. h4 Qd8 12. g3 Nc6 13. Re1 h6 14. h5 Nge7 15. Qf4 Qb6
16. Re2 Nd4 17. Nxd4 Bxd4 18. Bd2 O-O 19. Rb1 f6 20. Qg4 Kh8 21. Bxh6 gxh6 22.
Qf4 Ng8 23. Rf1 fxe5 24. Qg4 Rf7 25. Bg6 Rg7 26. Rd2 Rf8 27. Kg2 Bxc3 28. bxc3
Qc6 29. Rd3 e4 30. Re3 e5 31. Qd1 Ne7 32. c4 Qxc4 33. Bxe4 dxe4 34. Qxd7 Nf5 0-1

[Event "Online Olym Div2 E 2020"]
[Site "chess.com INT"]
[Date "2020.08.16"]
[Round "8.2"]
[Board "1"]
[White "Zambrana, Oswaldo"]
[Black "Jones, Gawain C B"]
[Result "1/2-1/2"]
[WhiteTitle "GM"]
[BlackTitle "GM"]
[WhiteElo "2438"]
[BlackElo "2670"]
[WhiteTeam "Bolivia"]
[BlackTeam "England"]
[WhiteFideId "3300200"]
[BlackFideId "409561"]
[EventDate "2020.08.14"]
[EventType "team"]

1. e4 c5 2. Nf3 d6 3. d4 cxd4 4. Nxd4 Nf6 5. Nc3 g6 6. Be3 Bg7 7. f3 Nc6 8. Qd2
O-O 9. Bc4 Bd7 10. O-O-O Rc8 11. Bb3 Nxd4 12. Bxd4 b5 13. Nd5 Nxd5 14. Bxg7 Kxg7
15. exd5 a5 16. a3 Kg8 17. Qd4 b4 18. axb4 axb4 19. h4 Bf5 20. Kd2 e5 21. dxe6
Bxe6 22. Bxe6 fxe6 23. Rhe1 e5 24. Qd5+ Kh8 25. Re4 Qb6 26. h5 Qf2+ 27. Re2
Rxc2+ 28. Kxc2 Qxe2+ 29. Rd2 b3+ 30. Kxb3 Qe3+ 31. Qd3 Qb6+ 32. Ka2 Ra8+ 33. Kb1
Qg1+ 34. Rd1 Qa7 35. Qxd6 Qa2+ 36. Kc2 Rc8+ 37. Kd2 Qxb2+ 38. Ke1 e4 39. Qd4+
Qxd4 40. Rxd4 exf3 41. gxf3 gxh5 42. Kf2 Kg7 43. Rd7+ Kg6 44. Rd6+ Kg5 45. Kg3
h4+ 46. Kh3 Rc1 47. Rd4 Rh1+ 48. Kg2 Ra1 49. Kh3 Rg1 50. f4+ Kf5 51. Kxh4 h6 52.
Kh3 h5 53. Rd5+ Kxf4 54. Kh2 Rg5 1/2-1/2

[Event "Online Olym Div2 E 2020"]
[Site "chess.com INT"]
[Date "2020.08.16"]
[Round "8.2"]
[Board "3"]
[White "Mollo Figueroa, Nicole"]
[Black "Toma, Katarzyna"]
[Result "0-1"]
[BlackTitle "WGM"]
[WhiteElo "1141"]
[BlackElo "2289"]
[WhiteTeam "Bolivia"]
[BlackTeam "England"]
[WhiteFideId "3325687"]
[BlackFideId "1119907"]
[EventDate "2020.08.14"]
[EventType "team"]

1. e4 c5 2. Nf3 Nc6 3. d4 cxd4 4. Nxd4 g6 5. c4 Bg7 6. Be3 Nf6 7. Nc3 Ng4 8.
Qxg4 Nxd4 9. Qd1 Ne6 10. Be2 Qa5 11. Qd2 d6 12. O-O Bd7 13. a3 Bxc3 14. Qxc3
Qxc3 15. bxc3 Bc6 16. f3 O-O 17. Bd4 Rfc8 18. a4 Nf4 19. Bd1 Bd7 20. Bb3 Be6 21.
Rfb1 Kf8 22. Kf2 Rc7 23. g4 Nd3+ 24. Ke3 Nc5 25. Bxc5 Rxc5 26. Kd3 b6 27. Ba2
Rac8 28. Rb4 h5 29. h3 Kg7 30. Bb3 R8c6 31. a5 bxa5 32. Rba4 Rb6 33. Kc2 Ra6 34.
Kd3 Kf6 35. gxh5 Rxh5 36. Kd4 Bxh3 37. f4 Bd7 38. R4a3 Rc5 39. Rf1 a4 40. e5+
Kg7 41. exd6 exd6 42. Ba2 Rb6 43. Rb1 Kf6 44. Rxb6 axb6 45. Bb1 Rh5 46. Bc2 Ra5
47. Bb1 g5 48. fxg5+ Kxg5 49. Be4 f5 50. Bd5 Ra7 51. Ra2 a3 52. Rg2+ Kf6 53. Ra2
Be8 54. Ke3 Bh5 55. Kf4 Bd1 56. Bg2 Bb3 57. Ra1 Bxc4 58. Bh3 Be6 0-1

[Event "Online Olym Div2 E 2020"]
[Site "chess.com INT"]
[Date "2020.08.16"]
[Round "8.2"]
[Board "6"]
[White "Kalaiyalahan, Akshaya"]
[Black "Monroy G., Nataly A."]
[Result "1/2-1/2"]
[WhiteTitle "FM"]
[BlackTitle "WIM"]
[WhiteElo "2149"]
[BlackElo "1957"]
[WhiteTeam "England"]
[BlackTeam "Bolivia"]
[WhiteFideId "422894"]
[BlackFideId "3304019"]
[EventDate "2020.08.14"]
[EventType "team"]

1. Nf3 c5 2. g3 g6 3. Bg2 Bg7 4. O-O Nf6 5. c4 O-O 6. d4 d5 7. cxd5 Qxd5 8. Nc3
Qh5 9. dxc5 Qxc5 10. Be3 Qh5 11. Bg5 h6 12. Bxf6 Bxf6 13. Nd5 Nc6 14. Nxf6+ exf6
15. Qb3 Rb8 16. Qc3 Ne5 17. Rad1 Be6 18. Nxe5 Qxe5 19. Qxe5 fxe5 20. b3 b6 21.
Rc1 Rbc8 22. Bb7 Rxc1 23. Rxc1 Rd8 24. Kf1 Rd2 25. Ra1 Rd7 1/2-1/2

[Event "Online Olym Div2 E 2020"]
[Site "chess.com INT"]
[Date "2020.08.16"]
[Round "8.3"]
[Board "1"]
[White "Valdes Romero, Leonardo"]
[Black "Greet, Andrew N"]
[Result "1/2-1/2"]
[WhiteTitle "IM"]
[BlackTitle "IM"]
[WhiteElo "2402"]
[BlackElo "2417"]
[WhiteTeam "Costa Rica"]
[BlackTeam "Scotland"]
[WhiteFideId "6500331"]
[BlackFideId "405817"]
[EventDate "2020.08.14"]
[EventType "team"]

1. Nf3 f5 2. g3 Nf6 3. Bg2 e6 4. c4 d5 5. O-O Bd6 6. d3 O-O 7. Nc3 dxc4 8. dxc4
Nc6 9. e4 e5 10. exf5 Bxf5 11. Qb3 Kh8 12. Be3 Qd7 13. c5 Be7 14. Rad1 Qc8 15.
Qc4 Be6 16. Qe2 Bh3 17. Bxh3 Qxh3 18. Ng5 Qf5 19. Qd3 Ng4 20. Qxf5 Rxf5 21. Nge4
Nxe3 22. fxe3 Rxf1+ 23. Kxf1 Rd8 24. Rxd8+ Bxd8 25. Ke2 Kg8 26. Kd3 Kf7 27. Kc4
Ke6 28. b4 a6 29. a3 h6 30. h3 Ne7 31. g4 c6 32. Kd3 Nd5 33. Nd2 a5 34. Nxd5
Kxd5 35. e4+ Ke6 36. Nc4 axb4 37. axb4 Bc7 38. Ke3 Kf6 39. Kf3 g6 40. Kg3 Ke6
41. Kf3 Kf6 42. Kg3 Ke6 43. Kf3 Kf6 1/2-1/2

[Event "Online Olym Div2 E 2020"]
[Site "chess.com INT"]
[Date "2020.08.16"]
[Round "8.3"]
[Board "2"]
[White "Tate, Alan"]
[Black "Duran Vega, Sergio"]
[Result "0-1"]
[WhiteTitle "FM"]
[BlackTitle "IM"]
[WhiteElo "2342"]
[BlackElo "2340"]
[WhiteTeam "Scotland"]
[BlackTeam "Costa Rica"]
[WhiteFideId "2401878"]
[BlackFideId "6501311"]
[EventDate "2020.08.14"]
[EventType "team"]

1. d4 Nf6 2. Nc3 d5 3. Bf4 a6 4. e3 e6 5. Nf3 c5 6. dxc5 Bxc5 7. Bd3 Nc6 8. O-O
O-O 9. e4 dxe4 10. Nxe4 Nxe4 11. Bxe4 Qf6 12. Qc1 e5 13. Bg5 Qe6 14. Be3 Be7 15.
Rd1 Kh8 16. c3 h6 17. Bd5 Qf5 18. Bb6 Be6 19. Qe3 Bxd5 20. Rxd5 Qe6 21. Rad1 Nd4
22. Rxe5 Nxf3+ 23. gxf3 Qg6+ 24. Kh1 Bg5 25. Qc5 Rac8 26. Qb4 Qf6 27. Rde1 Qxf3+
28. Kg1 Bf4 29. R5e4 Qg4+ 30. Kh1 Qf3+ 31. Kg1 Bb8 32. R1e3 Qd1+ 33. Kg2 Qd5 34.
Qd4 Qc6 35. Kg1 Bc7 36. Bxc7 Rxc7 37. Rg3 f5 38. Re5 Rd7 0-1

[Event "Online Olym Div2 E 2020"]
[Site "chess.com INT"]
[Date "2020.08.16"]
[Round "8.3"]
[Board "3"]
[White "Hernandez Alvarez, Tania Regla"]
[Black "Arakhamia-Grant, Ketevan"]
[Result "0-1"]
[WhiteTitle "WIM"]
[BlackTitle "GM"]
[WhiteElo "2041"]
[BlackElo "2380"]
[WhiteTeam "Costa Rica"]
[BlackTeam "Scotland"]
[WhiteFideId "3501442"]
[BlackFideId "13600168"]
[EventDate "2020.08.14"]
[EventType "team"]

1. Nf3 Nf6 2. b3 g6 3. Bb2 Bg7 4. c4 d6 5. d4 O-O 6. Nbd2 e5 7. dxe5 Nfd7 8. e3
dxe5 9. Qc2 Nc6 10. a3 f5 11. Be2 Qe7 12. O-O e4 13. Bxg7 Qxg7 14. Ng5 Nde5 15.
c5 Qe7 16. Nh3 Be6 17. b4 a6 18. Nc4 Rad8 19. Rad1 Bf7 20. Nxe5 Nxe5 21. a4 h6
22. Rxd8 Rxd8 23. Rd1 g5 24. Rd4 Rxd4 25. exd4 Nc6 26. Qc3 Qd8 27. b5 axb5 28.
axb5 Qxd4 29. Qc1 Ne5 30. g3 Nd3 31. Qa3 g4 32. Bxd3 exd3 33. Nf4 d2 34. Qa8+
Kg7 0-1

[Event "Online Olym Div2 E 2020"]
[Site "chess.com INT"]
[Date "2020.08.16"]
[Round "8.3"]
[Board "5"]
[White "Valverde Mora, Mauricio"]
[Black "Shafi, Declan"]
[Result "1/2-1/2"]
[WhiteElo "1792"]
[BlackElo "2166"]
[WhiteTeam "Costa Rica"]
[BlackTeam "Scotland"]
[WhiteFideId "6515223"]
[BlackFideId "2405156"]
[EventDate "2020.08.14"]
[EventType "team"]

1. c4 Nf6 2. Nc3 e6 3. e4 d5 4. cxd5 exd5 5. e5 d4 6. exf6 dxc3 7. Bb5+ c6 8.
Qe2+ Be6 9. Bc4 Qxf6 10. dxc3 Be7 11. Bxe6 fxe6 12. Nf3 Nd7 13. Bg5 Qf7 14. Bxe7
Qxe7 15. O-O-O O-O-O 16. Rhe1 Rhe8 17. Kb1 e5 18. Nd2 Nf6 19. Ne4 Rxd1+ 20. Rxd1
Rd8 21. Rxd8+ Kxd8 22. Kc2 Kc7 23. Qd3 Nd5 24. g3 h6 25. Qf3 Qe6 26. Qf8 Qe7 27.
Qxe7+ Nxe7 28. Kd3 b6 29. h4 Kd7 30. b4 Ke6 31. g4 Ng6 32. h5 Nf4+ 33. Kc4 Nd5
34. a4 Nc7 35. a5 Nd5 36. axb6 axb6 37. Kd3 Nf4+ 38. Kc4 Nd5 39. Kd3 Nf4+ 40.
Kc4 Nd5 1/2-1/2

[Event "Online Olym Div2 E 2020"]
[Site "chess.com INT"]
[Date "2020.08.16"]
[Round "8.3"]
[Board "6"]
[White "Espinosa Cancino, Monica"]
[Black "Salazar Gould, Melanie"]
[Result "0-1"]
[BlackTitle "WFM"]
[WhiteElo "1666"]
[BlackElo "1957"]
[WhiteTeam "Scotland"]
[BlackTeam "Costa Rica"]
[WhiteFideId "22253025"]
[BlackFideId "6505090"]
[EventDate "2020.08.14"]
[EventType "team"]

1. d4 Nf6 2. Nf3 g6 3. g3 Bg7 4. Bg2 d6 5. O-O O-O 6. c4 Nc6 7. Nc3 a6 8. e4 Rb8
9. a4 e5 10. d5 Ne7 11. Be3 Nh5 12. Qd2 f5 13. exf5 Bxf5 14. Bh6 Bg4 15. Nh4 Qd7
16. Ne4 Nf5 17. Nxf5 gxf5 18. Bxg7 Qxg7 19. Ng5 f4 20. Ne6 Bxe6 21. dxe6 Qe7 22.
Qd1 Ng7 23. Qg4 Rf6 24. Bd5 c6 25. Bg2 Rg6 26. Qf3 Nxe6 27. Kh1 Rf8 28. gxf4
Rxf4 29. Qe3 Rh4 30. Bh3 Nf4 31. Bf5 Rgh6 32. Rg1+ Kh8 33. h3 Nxh3 34. Rg8+ Kxg8
35. Qg3+ Qg5 36. Qxg5+ Nxg5+ 37. Kg2 Rh2+ 38. Kg3 Kf7 39. Kg4 Ne6 40. Bxe6+ Kxe6
41. Kf3 Kf5 42. Ke2 e4 43. Rg1 Rg6 44. Rf1 Ke5 45. Rd1 Rgg2 46. Rf1 d5 47. cxd5
cxd5 48. b4 d4 49. Ke1 d3 50. b5 axb5 51. axb5 d2+ 52. Kd1 Rxf2 53. Rg1 e3 54.
b6 Rhg2 55. Rh1 Rg7 56. Rh5+ Rf5 57. Rh1 Ke4 58. Ke2 Rf2+ 59. Kd1 Kd3 0-1

[Event "Online Olym Div2 E 2020"]
[Site "chess.com INT"]
[Date "2020.08.16"]
[Round "8.4"]
[Board "2"]
[White "Draskovic, Luka"]
[Black "Gracia Alvarez, Gerardo An"]
[Result "1/2-1/2"]
[WhiteTitle "IM"]
[BlackTitle "FM"]
[WhiteElo "2472"]
[BlackElo "2308"]
[WhiteTeam "Montenegro"]
[BlackTeam "Mexico"]
[WhiteFideId "944335"]
[BlackFideId "5109124"]
[EventDate "2020.08.14"]
[EventType "team"]

1. c4 c5 2. Nc3 Nc6 3. g3 g6 4. Bg2 Bg7 5. b3 e5 6. Bb2 Nge7 7. e3 O-O 8. Nge2
d6 9. O-O Be6 10. Nd5 f5 11. d4 e4 12. Nxe7+ Qxe7 13. Qd2 Bf7 14. Rfd1 Rad8 15.
Rab1 Rfe8 16. d5 Ne5 17. Bxe5 Bxe5 18. b4 b6 19. Rb3 Rc8 20. Rdb1 Rc7 21. Bf1
Rec8 22. bxc5 Rxc5 23. Nd4 Bxd4 24. Qxd4 Be8 25. Ra3 R8c7 26. Be2 g5 27. Kf1 Bg6
28. Ke1 Bf7 29. Rab3 Bg6 30. Rb5 Qg7 31. Qxg7+ Kxg7 32. Kd2 Kf6 33. R5b4 f4 34.
R1b2 f3 35. Bf1 g4 36. Rb5 h5 37. Rxc5 Rxc5 38. Kc3 Ke5 39. Kb4 Be8 40. h4 Ra5
41. a3 Ra4+ 42. Kb3 Ra5 43. Rd2 Rc5 44. Kb4 a5+ 45. Kb3 b5 46. Rd4 bxc4+ 47.
Bxc4 Bb5 48. a4 Bxc4+ 49. Rxc4 Rxd5 50. Kc3 Rd3+ 51. Kc2 d5 52. Rc5 Ra3 53. Kb2
Rxa4 54. Rc8 Rb4+ 55. Ka2 Rc4 56. Re8+ Kd6 57. Kb2 Rb4+ 58. Kc2 a4 59. Rd8+ Ke6
60. Re8+ Kd7 61. Ra8 d4 62. exd4 Rxd4 63. Ra5 Ke6 64. Ra6+ Ke5 65. Ra5+ Ke6 66.
Ra6+ Ke5 67. Ra5+ Kf6 68. Ra6+ Kg7 69. Ra7+ Kg6 70. Ra6+ Kf7 71. Ra7+ Ke8 72.
Ra5 Kd7 73. Rxh5 a3 74. Ra5 e3 75. fxe3 f2 76. Rf5 Rd1 77. Rxf2 a2 78. Kxd1
a1=Q+ 79. Ke2 Qb1 80. Rf4 Qc2+ 81. Kf1 Qd1+ 82. Kg2 Qe2+ 83. Kg1 Qxe3+ 84. Kg2
Qe2+ 85. Kg1 Ke6 86. Kh1 Qe1+ 87. Kg2 Qe2+ 88. Kg1 Qe3+ 89. Kg2 Qe2+ 90. Kg1
Qe1+ 91. Kg2 Qe2+ 1/2-1/2

[Event "Online Olym Div2 E 2020"]
[Site "chess.com INT"]
[Date "2020.08.16"]
[Round "8.4"]
[Board "3"]
[White "Corrales Jimenez, Zenia"]
[Black "Milovic, Aleksandra"]
[Result "0-1"]
[WhiteTitle "WIM"]
[BlackTitle "WIM"]
[WhiteElo "2234"]
[BlackElo "2198"]
[WhiteTeam "Mexico"]
[BlackTeam "Montenegro"]
[WhiteFideId "3506355"]
[BlackFideId "933988"]
[EventDate "2020.08.14"]
[EventType "team"]

1. e4 d5 2. exd5 Nf6 3. d4 Bg4 4. Be2 Bxe2 5. Nxe2 Qxd5 6. O-O Nc6 7. Nbc3 Qh5
8. Qd3 O-O-O 9. Qc4 e5 10. d5 Nb4 11. Nb5 Nbxd5 12. Nxa7+ Kb8 13. Nb5 c6 14.
Nbc3 Nb4 15. Ne4 Nxe4 16. Qxe4 f5 17. Qc4 b5 18. Qe6 Qxe2 19. Be3 Qc4 20. Qxf5
Bd6 21. Bb6 Rhf8 22. Qg5 Rd7 23. a4 Qf4 24. Qh5 g6 25. Qh3 Qf5 26. Qh6 Nd5 27.
Be3 Qh5 28. Qxh5 gxh5 29. axb5 cxb5 30. Bh6 Rf6 31. Bg5 Rf5 32. h4 Bc5 33. Ra5
Nc7 34. c4 Bb6 35. Raa1 bxc4 36. Rac1 Rdf7 37. Rxc4 Rxf2 38. Rxf2 Rxf2 39. Kh2
Rxb2 40. Rc6 e4 41. Rc3 Nd5 42. Rc6 e3 43. Bxe3 Nxe3 44. Rh6 Ng4+ 0-1

[Event "Online Olym Div2 E 2020"]
[Site "chess.com INT"]
[Date "2020.08.16"]
[Round "8.4"]
[Board "4"]
[White "Bacic, Kristina"]
[Black "Guerrero Rodriguez, Alejandra"]
[Result "1/2-1/2"]
[BlackTitle "WIM"]
[WhiteElo "1856"]
[BlackElo "2068"]
[WhiteTeam "Montenegro"]
[BlackTeam "Mexico"]
[WhiteFideId "16500245"]
[BlackFideId "5104297"]
[EventDate "2020.08.14"]
[EventType "team"]

1. d4 c5 2. d5 d6 3. Nf3 g6 4. Nc3 Bg7 5. e4 Nf6 6. Bb5+ Nbd7 7. a4 O-O 8. O-O
a6 9. Be2 Ne8 10. Bf4 Nc7 11. Qd2 Rb8 12. Bh6 b5 13. Bxg7 Kxg7 14. axb5 axb5 15.
b4 cxb4 16. Na2 Nf6 17. Nxb4 Bb7 18. Qd4 e5 19. Qd3 Nd7 20. Rfb1 Nc5 21. Qe3 f5
22. exf5 Rxf5 23. c4 bxc4 24. Bxc4 Rf4 25. Nd2 Ra8 26. g3 Rf8 27. Ne4 Nxe4 28.
Qxe4 Qf6 29. Qe3 Rf7 30. Rxa8 Nxa8 31. Nc6 Qf5 32. Ra1 Nc7 33. Nd8 Nxd5 34. Bxd5
Bxd5 35. Nxf7 Bxf7 36. Ra7 d5 37. f4 exf4 38. Qd4+ Qf6 39. Qxf4 Qb6+ 40. Qf2
Qxf2+ 41. Kxf2 Kf6 42. Ke3 h5 43. Kd4 Be6 44. Ra6 Kf5 45. Ra2 Kg4 46. Ke5 Bf5
47. Rf2 Be4 48. Rf4+ Kh3 49. Rh4+ Kg2 50. Kd4 Bf3 51. Ke5 g5 52. Rd4 Kxh2 53.
Kf5 Kxg3 54. Kxg5 Kh3 55. Rxd5 Bxd5 56. Kxh5 1/2-1/2